| 000 | 00454 a2200169 4500 | ||
|---|---|---|---|
| 001 | 13943 | ||
| 020 | _a9788571606029 | ||
| 040 | _cAnchieta - Aquarius | ||
| 100 | _aCosta, Madu | ||
| 240 | 1 | 0 |
_a/Zumbi dos Palmares em cordel _lpor |
| 245 | 1 | 0 | _a/Zumbi dos Palmares em cordel |
| 300 | _a191 | ||
| 362 | 0 | _a2013 | |
| 440 | 1 | _aMazza Edições | |
| 650 | 4 | _aPessoas em literatura, história, biografia, genealogia (incluindo historiadores) | |
| 942 | _cBK | ||
| 999 |
_c13943 _d13943 |
||